[Event "ACL-A048"]
[Site "www.playchess.de"]
[Date "2001.02.12"]
[Round "33"]
[White "vrad"]
[Black "Robama"]
[WhiteElo "1571"]
[BlackElo "1499"]
[PlyCount "35"]
[Result "1-0"]

1.e4 e6 2.d4 Nc6 3.Nf3 Nf6 4.Bd3 Nh5 5.O-O Nf4 
6.Bxf4 Bd6 7.Bxd6 cxd6 8.c3 h5 9.d5 Ne5 10.Nxe5 
Qg5 11.Nf3 Qg6 12.e5 Qg4 13.dxe6 dxe5 14.exf7+ 
Kxf7 15.Nxe5+ Ke7 16.Nxg4 d6 17.Ne3 a5 
18.Qf3 1-0

[Event "ACL-A054"]
[Site "www.playchess.de"]
[Date "2001.02.12"]
[Round "1"]
[White "locko"]
[Black "Flay"]
[WhiteElo "1153"]
[BlackElo "1500"]
[PlyCount "66"]
[Result "0-1"]

1.g3 e5 2.e4 Nf6 3.Bg2 d5 4.Nc3 c6 5.d4 exd4 
6.Nce2 dxe4 7.Nxd4 Bc5 8.c3 O-O 9.Nge2 Bg4 10.Nc2 
Qxd1+ 11.Kxd1 Bxf2 12.h3 Rd8+ 13.Ncd4 c5 14.Rf1 
cxd4 15.cxd4 Rxd4+ 16.Kc2 Rc4+ 17.Nc3 Bxh3 18.Bxh3 
Bxg3 19.b3 Rc7 20.a4 Nc6 21.Rd1 Rd8 22.Rxd8+ Nxd8 
23.Bb2 Be5 24.Kd2 Bxc3+ 25.Bxc3 e3+ 26.Kd3 Nd5 
27.Be5 Rc5 28.Rg1 Nb4+ 29.Kd4 Rd5+ 30.Ke4 e2 
31.Rxg7+ Kf8 32.Rg1 Rd1 33.Bg7+ 
Ke8 0-1

[Event "ACL-A058"]
[Site "www.playchess.de"]
[Date "2001.02.12"]
[Round "6"]
[White "peze4"]
[Black "Taher"]
[WhiteElo "1500"]
[BlackElo "2045"]
[PlyCount "73"]
[Result "1-0"]

1.d4 f5 2.g3 g6 3.Bg2 Bg7 4.Nf3 Nf6 5.O-O O-O 6.c4 
d5 7.cxd5 Nxd5 8.Qb3 e6 9.Nc3 Nc6 10.Rd1 Kh8 
11.Nxd5 exd5 12.Bf4 a5 13.Rac1 a4 14.Qd3 Re8 
15.Rc3 Qe7 16.Qd2 a3 17.Re3 Be6 18.bxa3 Bf6 19.Ng5 
Bxg5 20.Bxg5 Qxg5 21.Rxe6 Qxd2 22.Rxe8+ Rxe8 
23.Rxd2 Rd8 24.Rc2 Rd7 25.e3 Kg7 26.a4 Kf7 27.a5 
Nb8 28.h3 Ke7 29.Bf1 Kd8 30.Kg2 Rd6 31.Kf3 Re6 
32.Rb2 Kc8 33.g4 fxg4+ 34.hxg4 Rf6+ 35.Kg3 c6 
36.g5 Rf5 37.Bh3 1-0

[Event "ACL-A070"]
[Site "www.playchess.de"]
[Date "2001.02.12"]
[Round "4"]
[White "aldi"]
[Black "Mr_Arnaud"]
[WhiteElo "1500"]
[BlackElo "1240"]
[PlyCount "30"]
[Result "1/2-1/2"]

1.f4 e5 2.fxe5 d6 3.Nf3 dxe5 4.Nxe5 Bd6 5.d4 Bxe5 
6.dxe5 Qxd1+ 7.Kxd1 Nc6 8.Nc3 Nxe5 9.Nd5 Kd7 
10.Bf4 f6 11.Ke1 c6 12.Nb4 Ne7 13.Nd3 N7g6 
14.Nxe5+ Nxe5 15.e4 Re8 1/2-1/2

[Event "ACL-A070"]
[Site "www.playchess.de"]
[Date "2001.02.12"]
[Round "16"]
[White "DaveM"]
[Black "aldi"]
[WhiteElo "1500"]
[BlackElo "1500"]
[PlyCount "48"]
[Result "0-1"]

1.e4 Nc6 2.d4 e6 3.Nf3 d5 4.e5 Nge7 5.Be2 Nf5 
6.O-O Be7 7.c3 O-O 8.Bf4 b6 9.Bd3 Bd7 10.Nbd2 g5 
11.Be3 Nxe3 12.fxe3 f5 {i know its a bit early in 
the game but i really dont like my position}  
13.f6 {Are you offering a draw?}  Bxf6 {not yet 
but i think you are in front}  14.Qc2 Qe7 15.b4 g4 
16.Ne1 Bg5 17.Rxf8+ Rxf8 18.Nf1 e5 19.g3 e4 20.Ba6 
Qf7 21.Qd2 b5 {would you know how much winwows 
m.e. is in the usa}  22.Bxb5 {Good Move!!-ME is 
installed in all new machines.}  Nxd4 23.Ba6 Bc8 
24.Qxd4 {upgrade from w98 about $40}  
Bxa6 0-1

[Event "HCL-B147"]
[Site "www.playchess.de"]
[Date "2001.02.12"]
[Round "9"]
[White "peze4"]
[Black "ggaarrii"]
[WhiteElo "1500"]
[BlackElo "1392"]
[PlyCount "65"]
[Result "1-0"]

1.e4 c5 2.Nf3 Nc6 3.d4 cxd4 4.Nxd4 Nf6 5.Nc3 d6 
6.Bg5 e6 7.Qd2 a6 8.O-O-O Be7 9.f4 Qc7 10.Bxf6 
gxf6 11.Be2 b5 12.Nxc6 Qxc6 13.Bf3 e5 14.Kb1 Be6 
15.f5 b4 16.Ne2 Bc4 17.Qxb4 Rc8 18.Qd2 O-O 19.Ng3 
a5 20.b3 Rcb8 21.Nh5 Kh8 22.Qxa5 Bxb3 23.cxb3 Rba8 
24.Qd5 Qa6 25.Rd2 Qa3 26.Rc2 Rfc8 27.Qxf7 Bf8 
28.Qxf6+ Kg8 29.Qe6+ Kh8 30.Nf6 Kg7 31.h4 Rxc2 
32.Qg8+ {Mate in 3 moves!!}  Kxf6 {I must admit 
that i don't see it but if you say so...}  33.Qg5+ 
{33. ... Kf7  34. Lh5++}  1-0

[Event "HCL-A070"]
[Site "www.playchess.de"]
[Date "2001.02.12"]
[Round "9"]
[White "Belka"]
[Black "kondor"]
[WhiteElo "1619"]
[BlackElo "1622"]
[PlyCount "49"]
[Result "1/2-1/2"]

1.d4 Nf6 2.c4 e6 3.Nc3 c5 4.d5 exd5 5.cxd5 d6 6.e4 
g6 7.f4 Bg7 8.Nf3 O-O 9.Be2 Re8 10.e5 dxe5 11.fxe5 
Ng4 12.Bg5 Qb6 13.O-O Nxe5 14.Nxe5 Bxe5 15.Bc4 Bf5 
16.Nb5 a6 17.d6 axb5 18.Bxf7+ Kxf7 19.Rxf5+ gxf5 
20.Qh5+ Kf8 21.Bh6+ Bg7 22.Rf1 c4+ 23.Kh1 Qf2 
24.Bxg7+ Kxg7 25.Qg5+ 1/2-1/2

[Event "HCL-B148"]
[Site "www.playchess.de"]
[Date "2001.02.12"]
[Round "36"]
[White "Nils"]
[Black "Gruhni"]
[WhiteElo "1707"]
[BlackElo "1354"]
[PlyCount "91"]
[Result "1-0"]

1.e4 e5 2.Nf3 Nc6 3.Bb5 d6 4.d4 Bd7 5.d5 Nce7 
6.Bxd7+ Qxd7 7.Nc3 Nf6 8.Bg5 h6 9.Bxf6 gxf6 10.Qe2 
a6 11.O-O-O O-O-O 12.Qe3 Kb8 13.h4 f5 14.h5 f4 
15.Qd3 f5 16.g3 fxg3 17.fxg3 Rg8 18.Rdf1 fxe4 
19.Nxe4 Bg7 20.c4 Nf5 21.g4 Ne7 22.g5 Nf5 23.g6 
Rdf8 24.Rhg1 Ne7 25.Ne1 Rxf1 26.Rxf1 Rf8 27.Rxf8+ 
Bxf8 28.Qf3 Qf5 29.Kd2 Kc8 30.a4 Kd8 31.b4 Qxf3 
32.Nxf3 Nf5 33.b5 axb5 34.cxb5 b6 35.Nh2 Ke7 
36.Ng4 Bg7 37.Ne3 Nxe3 38.Kxe3 Bf8 39.Kd3 Bg7 
40.Ng3 Kf6 41.Ke4 Ke7 42.Nf5+ Kf8 43.Nxd6 cxd6 
44.a5 bxa5 45.b6 Bf6 46.b7 1-0

[Event "HCL-C156"]
[Site "www.playchess.de"]
[Date "2001.02.12"]
[Round "3"]
[White "dakini"]
[Black "Stefan"]
[WhiteElo "1480"]
[BlackElo "1431"]
[PlyCount "54"]
[Result "0-1"]

1.e4 {Let´s play a next exciting game. It makes a 
lot of fun...}  d6 {I'll do my best}  2.d4 {So do 
I . But I become tired now ( a long day in the 
praxis) perhaps another few moves ... good nigh}  
Nf6 {Im tierd too. Good night}  3.Nc3 g6 4.Bc4 Bg7 
5.Nf3 Bg4 6.O-O {Hope this time it´s me who is 
winning ;-))}  O-O {My last move today. Black has 
won all games we have played why change that now!} 
 7.Re1 {Because it´s time to change it! I still 
will play without computerhelp! More fun!}  Nbd7 
{Yes it is more fun without computers.}  8.h3 Bxf3 
9.Qxf3 {You must have a flatrate at home! You are 
online all the time!}  c6 10.b4 Qb6 {Yes I have 
:-)}  11.e5 dxe5 12.dxe5 Ne8 13.Bf4 Qxb4 14.Bb3 e6 
15.Rad1 {what about your game against michaelis in 
an earlier tournament?}  Nb6 {He has not moved 
since the restart.}  16.Ne4 Nc7 17.Nf6+ Kh8 18.Bh6 
{There are many other games to wait for a lot of 
days ... Are you enabled to play B-Class?}  Bxh6 
{Not yet, but propably in a couple of days.}  
19.Re4 {Do you know what will happen if you win 
one and loose another tourn. in C while play. B?}  
Qe7 {I play B now. If you get lata place you get 
degraded otherwise not.}  20.Rh4 Kg7 21.Rxh6 Kxh6 
22.Qf4+ {´til tomorrow ! Good night !}  Kg7 23.Qe4 
Ncd5 24.Bxd5 {So I think the last chance has gone 
... This was my high risk tournament ... others 
will follow :-)}  Nxd5 25.Rxd5 exd5 26.Qh4 Qxe5 
27.Qxh7+ Kxf6 0-1

[Event "ACL-A080"]
[Site "www.playchess.de"]
[Date "2001.02.12"]
[Round "21"]
[White "fighter"]
[Black "Smutje"]
[WhiteElo "1500"]
[BlackElo "1272"]
[PlyCount "25"]
[Result "1-0"]

1.e4 e5 {hi}  2.Nf3 d5 3.Nc3 d4 4.Nb5 {Hi}  c6 
5.Na3 b5 6.Nxe5 b4 {hi}  7.Nac4 f6 8.Nf3 Qe7 9.d3 
f5 10.Bg5 Qc5 11.Nfe5 h6 12.Qh5+ g6 
13.Qxg6+ 1-0

[Event "HCL-A069"]
[Site "www.playchess.de"]
[Date "2001.02.12"]
[Round "9"]
[White "kondor"]
[Black "peze"]
[WhiteElo "1622"]
[BlackElo "1939"]
[PlyCount "39"]
[Result "1/2-1/2"]

1.d4 Nf6 2.c4 e6 3.Nc3 Bb4 4.f3 d5 5.a3 Be7 6.e4 
c5 7.cxd5 exd5 8.dxc5 Bxc5 9.e5 Nfd7 10.Qxd5 O-O 
11.f4 Bxg1 12.Rxg1 Qh4+ 13.g3 Qxh2 14.Ne2 Qh6 
15.Rh1 Qb6 16.Qd3 h6 17.Bg2 Nc5 18.Qc3 Bg4 19.Be3 
Rc8 20.Nc1 1/2-1/2

[Event "HCL-A069"]
[Site "www.playchess.de"]
[Date "2001.02.12"]
[Round "13"]
[White "peze"]
[Black "Belka"]
[WhiteElo "1939"]
[BlackElo "1736"]
[PlyCount "44"]
[Result "1/2-1/2"]

1.e4 {Hello again!}  c6 {Hello!}  2.d4 d5 3.Nd2 
dxe4 4.Nxe4 Bf5 5.Ng3 Bg6 6.h4 h6 7.Nf3 Nd7 8.h5 
Bh7 9.Bd3 Bxd3 10.Qxd3 Qc7 11.Rh4 e6 12.Bf4 Bd6 
13.Bxd6 Qxd6 14.Ne4 Qe7 15.O-O-O Ngf6 16.Nxf6+ 
gxf6 17.Qd2 O-O-O 18.g3 f5 19.Qe3 Nb6 20.Ne5 Nd5 
21.Qf3 Rhg8 22.Kb1 Nf6 1/2-1/2

[Event "HCL-B150"]
[Site "www.playchess.de"]
[Date "2001.02.12"]
[Round "17"]
[White "Nils"]
[Black "warlock"]
[WhiteElo "1707"]
[BlackElo "1200"]
[PlyCount "31"]
[Result "1-0"]

1.e4 c5 2.Nf3 d6 3.d4 cxd4 4.Nxd4 Nf6 5.e5 Qa5+ 
6.Nc3 Qxe5+ 7.Be2 Bd7 8.Ncb5 Bxb5 9.Nxb5 d5 10.f4 
Qe4 11.Nc7+ Kd8 12.Nxa8 e6 13.O-O Bd6 14.c3 Qf5 
15.Be3 b6 16.Bd4 1-0

[Event "ACL-A083"]
[Site "www.playchess.de"]
[Date "2001.02.12"]
[Round "14"]
[White "dakini"]
[Black "guerino"]
[WhiteElo "1405"]
[BlackElo "1500"]
[PlyCount "33"]
[Result "1-0"]

1.e4 c5 2.Nf3 d6 3.Bb5+ Nd7 4.d4 Ngf6 5.Nc3 cxd4 
6.Nxd4 {kalinichta (that´s right?)}  a6 7.Bxd7+ 
Bxd7 8.Bg5 {-}  e6 9.Bxf6 Qxf6 10.O-O Be7 11.Nf5 
exf5 12.Nd5 Qxb2 13.Nc7+ Kd8 14.Nxa8 fxe4 15.Rb1 
{Hi! What about the temperature in Greece  Where 
do you live there?}  Qxa2 16.Rxb7 Bc6 
17.Rb8+ 1-0

[Event "ACL-A086"]
[Site "www.playchess.de"]
[Date "2001.02.12"]
[Round "15"]
[White "Smutje"]
[Black "Westqualmer"]
[WhiteElo "1147"]
[BlackElo "1500"]
[PlyCount "44"]
[Result "0-1"]

1.e3 e5 2.Qf3 d5 3.Nc3 Nf6 4.Qg3 Nc6 5.b4 Nh5 
6.Qf3 Nxb4 7.Rb1 Nf6 8.Bb5+ c6 9.Ba4 d4 10.exd4 
exd4 11.a3 Bg4 12.Qg3 Bd6 13.f4 dxc3 14.axb4 O-O 
15.h3 cxd2+ 16.Bxd2 Re8+ 17.Kf1 Ne4 18.Qe1 Bc5 
19.Nf3 Bxf3 20.Rd1 Be2+ 21.Qxe2 Ng3+ 22.Ke1 
Rxe2+ 0-1

[Event "HCL-C170"]
[Site "www.playchess.de"]
[Date "2001.02.12"]
[Round "8"]
[White "Translightor"]
[Black "Michael_Schenk"]
[WhiteElo "1422"]
[BlackElo "1163"]
[PlyCount "47"]
[Result "1-0"]

1.e4 {Hallo und herzlich willkommen in der 
"deutschen Kolonie"!}  c5 {Hallo und Gruss zurueck 
aus Hamburg!}  2.Nf3 {Und von mir Grüße aus der 
Ex-Expo-Stadt!}  Nc6 {Na dann "Hallo" nach 
Hannover ;-)}  3.d4 cxd4 4.Nxd4 Nf6 5.Nc3 g6 6.Be3 
Bg7 7.Bc4 Qa5 8.O-O O-O 9.Nb3 Qe5 10.f4 Qb8 11.e5 
d5 12.exf6 dxc4 13.fxg7 cxb3 14.gxf8Q+ {%}  Kxf8 
{%?}  15.axb3 {Das % muss mir versehentlich 
rausgerutscht sein.}  b6 16.Qf3 Bb7 17.Qh3 Kg8 
18.f5 Qe5 19.Rae1 Qf6 20.fxg6 Qxg6 21.Rf3 Kh8 
22.Rg3 Qxc2 23.Qg4 f6 24.Qg7+ 1-0

[Event "HCL-A073"]
[Site "www.playchess.de"]
[Date "2001.02.12"]
[Round "3"]
[White "peze"]
[Black "oiram"]
[WhiteElo "1966"]
[BlackElo "1700"]
[PlyCount "55"]
[Result "1-0"]

1.e4 {Hello! Let's have a nice game. Good Luck!}  
e5 2.Nf3 Nc6 {good luck}  3.Bb5 a6 4.Ba4 Nf6 5.O-O 
Be7 6.d4 b5 7.Bb3 d6 8.c3 Bg4 9.Be3 O-O 10.Nbd2 
Na5 11.Bc2 c5 12.dxe5 dxe5 13.h3 Bxf3 14.Qxf3 Qc7 
15.Qg3 Rad8 16.a4 Nh5 17.Qf3 Nf4 18.Rfd1 Nb7 
19.Bxf4 exf4 20.axb5 axb5 21.e5 Na5 22.Qxf4 Nc6 
23.Nf3 Rxd1+ 24.Rxd1 f6 25.Qf5 g6 26.Qe6+ Rf7 
27.Rd7 Nd8 28.Qxf7+ 1-0

[Event "HCL-B166"]
[Site "www.playchess.de"]
[Date "2001.02.12"]
[Round "9"]
[White "toilet"]
[Black "pird"]
[WhiteElo "1500"]
[BlackElo "1498"]
[PlyCount "53"]
[Result "1-0"]

1.e4 c6 2.d3 d5 3.Nd2 e5 4.Ngf3 Bd6 5.g3 f5 6.Bg2 
Nf6 7.exf5 Bxf5 8.Nh4 Be6 9.Ndf3 Nbd7 10.Ng5 Bg4 
11.f3 Bh5 12.O-O Qb6+ 13.Kh1 O-O-O 14.Ne6 Rdg8 
15.Qe1 Bf7 16.Nxg7 Rxg7 17.Nf5 Bf8 18.Nxg7 Bxg7 
19.a4 a6 20.b4 Ne8 21.Be3 Qc7 22.b5 cxb5 23.axb5 
Nb8 24.Bh3+ Kd8 25.f4 Nd6 26.fxe5 Bxe5 
27.Bg5+ 1-0

[Event "HCL-B171"]
[Site "www.playchess.de"]
[Date "2001.02.12"]
[Round "1"]
[White "pird"]
[Black "janus"]
[WhiteElo "1498"]
[BlackElo "1734"]
[PlyCount "42"]
[Result "0-1"]

1.e4 Nc6 {Good luck for you and a fine match for 
us !!}  2.Nc3 {Good luck!}  e5 3.g3 Nf6 4.Bg2 Bc5 
5.Nge2 O-O 6.O-O a6 7.h3 b5 8.a3 Bb7 9.Kh2 Re8 
10.f4 d6 11.f5 Nd4 12.g4 d5 13.d3 dxe4 14.dxe4 h6 
15.g5 hxg5 16.Ng3 g4 17.hxg4 Nh7 18.Nh5 Qh4+ 
19.Bh3 Rad8 20.f6 g6 21.Qd2 Nf3+ 0-1

[Event "HCL-C174"]
[Site "www.playchess.de"]
[Date "2001.02.12"]
[Round "17"]
[White "AtillaX"]
[Black "WindsorStar"]
[WhiteElo "1000"]
[BlackElo "797"]
[PlyCount "60"]
[Result "0-1"]

1.d4 {hello}  d5 2.e3 Nf6 {hello}  3.Bb5+ c6 4.Ba4 
Qd6 5.Nf3 Qb4+ 6.Nc3 Ne4 7.O-O Nxc3 8.bxc3 Qxa4 
9.e4 {we seem to be online at the same time alot}  
dxe4 {I work in the afternoon}  10.Ne5 f6 {I work 
afternoons too.}  11.Ng4 {lance storm is a true 
power ranger and major guns should run canada(just 
joking)}  Bf5 {Well you got Bush, he's a gun 
man.He wants all u.s.a. people to carry a gun}  
12.Rb1 {you have to able to protect yourself these 
days}  e3 {Be back in a Hour}  13.Rb2 {death to 
all who oppose Vlad the Impaler w/a gun from Bush} 
 h5 14.Rxb7 {dusk is falling upon your said face}  
Bxg4 {Yes it is.}  15.Qd3 e5 16.Bxe3 Na6 17.Qg6+ 
{how do you like me now worse or better}  Kd8 {I 
don't use a computer to help me to win}  18.Rd1 
{seeing how this is my first computer,and do not 
understand how you would do that,you are wrong}  
c5 {My mistake than.}  19.dxc5+ {thank you for 
your comment}  Kc8 20.Rd5 Kxb7 21.Qf7+ Nc7 22.c6+ 
Qxc6 23.Rd7 Bxd7 24.Qb3+ {you are doing pretty 
good for your rank}  Kc8 {trying my best, you are 
making it hard for me, that for sure!}  25.f4 Rb8 
26.Qf7 {are there any chess sites you recommend I  
obviously need improvement}  Rb1+ {Not really- I 
use chessmaster 6000 to learn from.}  27.Kf2 Qxc3 
{Is this your first time, playing on Playchess.de} 
 28.Bxa7 {yes,it's my first time playing chess on 
the net}  Qe1+ {Try Yahoo-- Chess  yet.}  29.Kf3 
Qf1+ 30.Kg3 Qxf4+ {Great game!!!} 
 0-1

[Event "HCL-B174"]
[Site "www.playchess.de"]
[Date "2001.02.12"]
[Round "10"]
[White "Bauernopfer"]
[Black "Gruhni"]
[WhiteElo "1325"]
[BlackElo "1350"]
[PlyCount "72"]
[Result "0-1"]

1.e4 {Na gut, so kann man es natürlich auch 
machen.}  e5 {Meinst wohl, du könntest die Spiele 
gegen mich umgehen ;)}  2.Nf3 {Ja, ich muß ständig 
was schreiben und bin auch ständig dran.}  Nc6 
{Machs einfach wie plobi. Der hat mich in Grund 
und Boden gespielt!}  3.Bb5 {Werd ich machen. Es 
gibt übrigens auch einen playchess newsletter.}  
a6 {Ne, ehrlich? Ich werde auch in kürze zwei 
HCL-Turniere gewinnen!}  4.Bxc6 {Ja, klick mal auf 
help. Glückwunsch werde bald auch eins gewinnen.}  
bxc6 {Dann gibts ja in Zukunft heisse Duelle in 
HCL-A ;)}  5.d3 {Eher mehr Niederlagen als heiße 
Duelle. Will eigentlich nicht aufsteigen.}  d6 
{Ich kann mit Niederlagen leben! Aufsteigen ist 
mir wichtiger als die Rating-Zahl.}  6.O-O {Jedem 
das seine.}  Bg4 {So, dann will ich mal in die 
Ärger-Phase übergehen! Ich bringe nachher meine 
Partie mit!}  7.h3 {Stimmt, heute ist ja Mittwoch. 
Werde erst um viertel nach kommen.}  Bh5 {Also wie 
immer. Ich bin schon vorher da und werde einige 
Einladungen verteilen!}  8.Be3 {Mach das!}  Be7 
{Kennst du BOB? Der zieht jede Woche einen Zug und 
schreibt mir als, das ich aufgeben soll!}  9.Nc3 
{Nö, noch nie gehört. In welchem Turnier denn?}  
Nf6 {HCL-B122! Er steht ja auch besser, aber 
vielleicht kommt er zeitlich nicht hin ;)}  10.Rb1 
{Du kannst du warten bist du schwarz wirst. 
47Tage! Unwahrscheinlich! Stellung selbst 
unübersichtlich}  O-O 11.a3 {HCL B133-2: Zwo 
Bauern weniger aber Dauerschach. :-)}  d5 {Das ist 
doch kein Dauerschach! Naja, vielleicht doch!}  
12.g4 {Doch, er kommt nicht mehr aus dem Schach 
(oder er läuft ins Matt)}  Nxg4 {So, Mut zum 
Risiko!}  13.hxg4 {So, letzter Zug heute. Bis 
gleich dann.}  Bxg4 14.exd5 {Nach dem kurzen 
Ausfall können wir endlich weiterspielen.}  cxd5 
{So, du willst mir den Doppelbauern auflösen, 
danke dafür!}  15.Bc1 {Bitte schön!}  Bh4 16.Re1 
{Sag doch mal dem FreddyRick, daß er auch mal 
gegen mich spielen soll.}  Qf6 {Werde ich für dich 
tun!}  17.Kg2 {.}  c6 18.Na2 {Unglaublich! Freddy 
Rick hat gepielt.}  Rfe8 {Das hast du nur mir zu 
verdanken ;)}  19.Nc3 {Jetzt hab ich eben Schiße 
gespielt.}  Re6 {Kann passieren!}  20.Qe2 
{Irgendwie scheint auch meine Tastatur nicht 
richtig zu gehen.}  Bh5 21.Bd2 Qg6+ 22.Kh2 {Uh, 
jetzt wirds brenzlig}  Bxf3 23.Qxf3 {.}  Rf6 
{Angriff!}  24.Qh3 {Verteidigung!}  Rxf2+ 
{Angriff2!}  25.Kh1 {jetzt ist mir gerade eben der 
Rechner abgestürzt}  Rxd2 {So, jetzt wirds 
lustig!}  26.Rxe5 {Habe auch gegen Jeff Foster 
Remis gespielt.}  Qg3 {Mir fällt nichts mehr 
gescheites ein :(}  27.Qxg3 {Bist du jetzt 
eigentlich abgestiegen?}  Bxg3 {Und bald steige 
ich in ACL noch eins ab :)}  28.Re2 {Kämpfst du 
danach dann um den Wiederaufstieg?}  Rxe2 {Naja, 
was bleibt mir anderes übrig!!}  29.Nxe2 
{Mahlzeit}  Be5 {Ich habe drei Freibauern. Wärst 
du ein Gentleman würdest du aufgeben ;)}  30.Kg2 
{Klarer kann keine Remisposition sein. Warum 
willst du hier noch weiterspielen?}  Re8 {:-) :-) 
:-)}  31.Ng3 {Wenn du so was nicht einsiehst, dann 
spiel ich eben nicht mehr.}  Bxg3 {OK! Dann wart 
ich halt :)}  32.Kxg3 {Du kennst mich nicht, ich 
werde die 35 Tage bis zum Ende ausreizen!}  Re2 
33.c3 {Was hälst du davon unsere 
Jahreshauptversammlung im Blättchen anzukündigen?} 
 g6 {Wenn du dich drumm kümmerst, kein Problem ;)} 
 34.Kf3 {Wer den chessman nun befriedigen.}  Re6 
{Und Crazy Chess Horse nicht vergessen!}  35.d4 
{Du bist in wenigen Tagen auch der aktivste 
Spieler. (siehe player director)}  h5 {Schau dir 
mal meine Partie HCL-B139-2 an. Ich weis nicht, ob 
ich das Remis-Angebot annehmen soll!}  36.Rg1 {Ja, 
auf jeden Fall. Weiß hat hier sogar noch die 
besseren Chancen.}  Kg7 {Ich denke auch, aber ich 
warte bis samar seine Spiele gehen Stephen21 und 
PDelaquess gewonnen hat!}  0-1

[Event "HCL-B174"]
[Site "www.playchess.de"]
[Date "2001.02.12"]
[Round "19"]
[White "Bauernopfer"]
[Black "Scaleo"]
[WhiteElo "1325"]
[BlackElo "1500"]
[PlyCount "20"]
[Result "1/2-1/2"]

1.e4 c5 2.Nf3 Nc6 3.Nc3 e6 4.d4 cxd4 5.Nxd4 Nf6 
6.Bg5 Bb4 7.Nxc6 bxc6 8.f3 Qa5 9.Qd3 {I can´t 
accept the draw. We have to play more than 10 
moves, otherwise we get a star.}  Ba6 10.Qxa6 {.}  
Bxc3+ 1/2-1/2

[Event "HCL-B174"]
[Site "www.playchess.de"]
[Date "2001.02.12"]
[Round "20"]
[White "Scaleo"]
[Black "Gruhni"]
[WhiteElo "1500"]
[BlackElo "1350"]
[PlyCount "29"]
[Result "1/2-1/2"]

1.e4 e5 {Hello from Frankfurt in Germany!}  2.Nf3 
{hi}  Nc6 3.Bb5 a6 4.Ba4 b5 5.Bb3 d6 6.c3 Nf6 
7.Ng5 {and nice game}  d5 8.exd5 Nxd5 9.Qf3 Qxg5 
10.Qxd5 Bd7 11.Qxf7+ Kd8 12.O-O Qe7 13.Re1 
{technical win}  Qxf7 14.Bxf7 Bc5 
15.Bd5 1/2-1/2

[Event "HCL-C179"]
[Site "www.playchess.de"]
[Date "2001.02.12"]
[Round "17"]
[White "patzer"]
[Black "lsoule"]
[WhiteElo "1115"]
[BlackElo "872"]
[PlyCount "51"]
[Result "1-0"]

1.e4 c5 2.Nf3 d6 3.d4 cxd4 4.Nxd4 Nf6 5.Nc3 g6 
6.Be2 e5 7.Nb3 Be6 8.O-O d5 9.Bb5+ Nbd7 10.exd5 
Bg4 11.f3 Qb6+ 12.Kh1 Bf5 13.Re1 O-O-O 14.Bg5 Be7 
15.Be3 Bc5 16.Bxd7+ Nxd7 17.Na4 Qb4 18.Naxc5 Nxc5 
19.Bxc5 Qh4 20.Bxa7 Rhe8 21.c4 e4 22.Qd4 h5 
23.Qc5+ Kd7 24.Qb6 exf3 25.Qxb7+ Kd6 
26.c5+ 1-0

[Event "ACL-M001"]
[Site "www.playchess.de"]
[Date "2001.02.12"]
[Round "4"]
[White "Nils"]
[Black "peze"]
[WhiteElo "1858"]
[BlackElo "1908"]
[PlyCount "37"]
[Result "1/2-1/2"]

1.e4 e5 2.Nf3 Nf6 3.Nxe5 d6 4.Nf3 Nxe4 5.Nc3 Nf6 
6.d4 Be7 7.d5 O-O 8.Bd3 c6 9.dxc6 bxc6 10.O-O Re8 
11.Re1 d5 12.a3 Bg4 13.Bf4 Nbd7 14.Be2 Bxf3 
15.Bxf3 Nc5 16.b4 Ne6 17.Bg3 Bd6 18.Bxd6 Qxd6 
19.Qd2 1/2-1/2

[Event "ACL-M002"]
[Site "www.playchess.de"]
[Date "2001.02.12"]
[Round "2"]
[White "peze"]
[Black "Nils"]
[WhiteElo "1908"]
[BlackElo "1858"]
[PlyCount "38"]
[Result "1/2-1/2"]

1.c4 e5 2.Nc3 Nf6 3.g3 Nc6 4.Bg2 Bb4 5.Nd5 Ba5 
6.Qa4 Nxd5 7.cxd5 Nd4 8.Qxa5 Nc2+ 9.Kf1 Nxa1 
10.Qc3 d6 11.b4 a5 12.b5 a4 13.Qxa1 Bd7 14.d4 f6 
15.dxe5 fxe5 16.Be4 Ra5 17.Qc3 Rxb5 18.Qd3 c6 
19.dxc6 Bxc6 1/2-1/2

[Event "HCL-C184"]
[Site "www.playchess.de"]
[Date "2001.02.12"]
[Round "9"]
[White "Stef"]
[Black "patzer"]
[WhiteElo "957"]
[BlackElo "715"]
[PlyCount "74"]
[Result "0-1"]

1.d4 Nf6 2.Nc3 d5 3.f3 e6 4.a4 Bb4 5.Qd2 O-O 6.f4 
Nc6 7.Nf3 Ne4 8.Qe3 Ne7 9.h4 Nf5 10.Qf2 Nxf2 
11.Kxf2 c5 12.e3 Bxc3 13.bxc3 cxd4 14.exd4 h6 
15.a5 Nd6 16.Ra4 Ne4+ 17.Kg1 Nxc3 18.Bb5 Nxb5 
19.Ne5 {wieso heißt du patzer, wenn du so gut 
bist?!}  f6 {Weil ich manchmal große Fehler 
mache!}  20.Ng6 {dann hab ich ja vielleicht noch 
ne chance}  Rf7 {In dieser Partie glaube ich nicht 
mehr...}  21.Rb4 Qxa5 22.Rh3 Qxb4 23.Be3 Qe1+ 
24.Kh2 Nc3 25.Rf3 a5 26.h5 a4 27.Bf2 Qd2 28.Re3 
Qxf2 29.Rxe6 Bxe6 30.Nh4 Qxh4+ 31.Kg1 a3 32.f5 
Ne2+ 33.Kf1 Bxf5 34.c3 Bd3 35.g3 Qh1+ 36.Kf2 Qg1+ 
37.Kf3 Qxg3+ 0-1

[Event "HCL-C189"]
[Site "www.playchess.de"]
[Date "2001.02.12"]
[Round "10"]
[White "patzer"]
[Black "dg"]
[WhiteElo "929"]
[BlackElo "1087"]
[PlyCount "79"]
[Result "1-0"]

1.e4 e5 2.Nf3 Nc6 3.Bb5 d6 4.O-O Bg4 5.Bxc6+ bxc6 
6.d3 Qf6 7.Nbd2 Ne7 8.h3 Bh5 9.Re1 Ng6 10.g4 Nf4 
11.gxh5 Nxh3+ 12.Kf1 g6 13.Nb3 gxh5 14.Na5 Qg6 
15.Nxc6 Rg8 16.Be3 Bh6 17.Nh4 Qg1+ 18.Ke2 Qg4+ 
19.Nf3 Bxe3 20.Kxe3 Qf4+ 21.Ke2 Kd7 22.Na5 Rg2 
23.Rf1 Rag8 24.Nc4 f5 25.Ncd2 R8g3 26.c4 Ng5 
27.Qa4+ Kd8 28.Nxg5 Qxg5 29.Qxa7 h4 30.Qa8+ Ke7 
31.Nf3 Qg4 32.exf5 Qxf3+ 33.Qxf3 Rxf3 34.Kxf3 h3 
35.Rfg1 Rh2 36.a4 Kd7 37.a5 Kc8 38.a6 Kb8 39.f6 
Ka7 40.f7 1-0